Vol. 43, № 6; Industrial and Engineering Chemistry

Detalhes bibliográficos
Parent link:Industrial and Engineering Chemistry/ American Chemical Society. Vol. 43, № 6.— , 1935-1970
Idioma:inglês
Publicado em: 1951
Formato: Livro
KOHA link:https://koha.lib.tpu.ru/cgi-bin/koha/opac-detail.pl?biblionumber=583585

MARC

LEADER 00000nam2a2200000 4500
001 583585
005 20231101131026.0
035 |a (RuTPU)RU\TPU\prd\284702 
035 |a RU\TPU\prd\284697 
090 |a 583585 
100 |a 20190608a19351970k y0engy50 ba 
101 0 |a eng 
102 |a US 
200 0 |a Vol. 43, № 6 
210 |d 1951 
215 |a p. 1A-155A, p. 1261-1486 
461 1 |0 (RuTPU)RU\TPU\prd\283487  |t Industrial and Engineering Chemistry  |f American Chemical Society  |v Vol. 43, № 6  |d 1935-1970 
801 0 |a RU  |b 63413507  |c 20010227  |g PSBO 
801 1 |a RU  |b 63413507  |c 20080423  |g PSBO 
801 2 |a RU  |b 63413507  |c 20190711  |g PSBO 
942 |c BK 
999 |a НТБ_ТПУ  |b НФ  |e -8/20180109  |p П-517  |u 0,00  |v 1  |x 2792